zpět

Detail výsledku týmu

Bledý Úsvit, Český Těšín

Datum a čas kvízu

40 Celkem bodů Celkový počet nahraných bodů na tomto kvízu bez doplňovacích otázek.
1. Pořadí na kvízu Konečné umístění týmu na tomto kvízu.

Zaznamenané odpovědi

# Otázka Odpověď Body Výsledky
1. Jak se jmenuje funkcionář, jem... Josef Středula 1
2. Na mezinárodní vesmírnou stani... americká (3 členové), ruská (1 člen) 1
3. Slavnostnímu předávání Oscarů... Medvídek Pú / Winnie the Pooh 1
4. Od středy minulého týdne je za... HHC 1
5. Ve čtvrtek byla odehrána evrop... 3 : 9 0
6. Začneme prvním českým králem p... Rudolf (I. Habsburský) 0
7. Další „slavnou“ prohrou, která... stoletá válka 1
8. Za naši slavnou prohru lze ozn... D 1
9. Bitva na Bílé hoře zpečetila o... listopad 1620 0.5
10. Napište jména dvou mužů, kteří... Neville Chamberlain, Édouard Daladier 1